Kaleidoscope India:the India quiz book / (Record no. 164733)

MARC details
000 -LEADER
fixed length control field 00592nam a22001937a 4500
005 - DATE AND TIME OF LATEST TRANSACTION
control field 20190525135015.0
020 ## - INTERNATIONAL STANDARD BOOK NUMBER
Terms of availability 75.00
035 ## - SYSTEM CONTROL NUMBER
System control number B-130095
037 ## - SOURCE OF ACQUISITION
Source of stock number/acquisition BPPD/PUB
082 ## - DEWEY DECIMAL CLASSIFICATION NUMBER
Classification number 000
100 ## - MAIN ENTRY--PERSONAL NAME
Personal name Bansal,Akash
245 ## - TITLE STATEMENT
Title Kaleidoscope India:the India quiz book /
Statement of responsibility, etc by Akash Bansal [and] Abhinav Prasoon ; edited by Shayama Chona
260 ## - PUBLICATION, DISTRIBUTION, ETC. (IMPRINT)
Place of publication, distribution, etc New Delhi
Name of publisher, distributor, etc Har-Anand Publications
Date of publication, distribution, etc 2004
270 ## - ADDRESS
Address F-1211,Chiranjan Park
City New Delhi
Postal code 110019
300 ## - PHYSICAL DESCRIPTION
Extent 191p.
Dimensions 22cm(pbk)
700 ## - ADDED ENTRY--PERSONAL NAME
Personal name Prasoon,Abhinav
700 ## - ADDED ENTRY--PERSONAL NAME
Personal name Chona,Shayama
942 ## - ADDED ENTRY ELEMENTS (KOHA)
Source of classification or shelving scheme Dewey Decimal Classification
Item type English Books
Classification part 000
Call number suffix BAN
Holdings
Withdrawn status Lost status Not for loan Collection code Home library Current library Date acquired Source of acquisition Cost, normal purchase price Full call number Barcode Cost, replacement price Koha item type
      Non-fiction R.C.Libraries (BL-IV) R.C.Libraries (BL-IV) 25/05/2019 BPPD/PUB 75.00 000 BAN B-130095 75.00 English Books

© Delhi Public Library
Hit Counter
free hit counter